<?xml version="1.0" encoding="UTF-8"?>
<record
    xmlns:xsi="http://www.w3.org/2001/XMLSchema-instance"
    xsi:schemaLocation="http://www.loc.gov/MARC21/slim http://www.loc.gov/standards/marcxml/schema/MARC21slim.xsd"
    xmlns="http://www.loc.gov/MARC21/slim">

  <leader>00781nam a22002177a 4500</leader>
  <controlfield tag="003">OSt</controlfield>
  <controlfield tag="005">20260216105950.0</controlfield>
  <controlfield tag="008">160222b        xxu||||| |||| 00| 0 eng d</controlfield>
  <datafield tag="020" ind1=" " ind2=" ">
    <subfield code="a">05-739-2009-1</subfield>
  </datafield>
  <datafield tag="024" ind1=" " ind2=" ">
    <subfield code="2">05-739-2009-1</subfield>
  </datafield>
  <datafield tag="040" ind1=" " ind2=" ">
    <subfield code="c">Lahore University of Management Sciences </subfield>
  </datafield>
  <datafield tag="082" ind1=" " ind2=" ">
    <subfield code="a">174.4 LUM 2009</subfield>
  </datafield>
  <datafield tag="100" ind1=" " ind2=" ">
    <subfield code="a">Mohsin Bashir </subfield>
    <subfield code="9">133219</subfield>
  </datafield>
  <datafield tag="245" ind1=" " ind2=" ">
    <subfield code="a">TECHNOLOGY UPGRATION AND SKILL DEVELOPMENT COMPANY (TUSDEC)</subfield>
    <subfield code="c">Mohsin Bashir </subfield>
  </datafield>
  <datafield tag="260" ind1=" " ind2=" ">
    <subfield code="a">lAH</subfield>
    <subfield code="b">Lahore University of Management Sciences </subfield>
    <subfield code="c">2009</subfield>
  </datafield>
  <datafield tag="300" ind1=" " ind2=" ">
    <subfield code="a">21 p. </subfield>
    <subfield code="b">Papers</subfield>
  </datafield>
  <datafield tag="440" ind1=" " ind2=" ">
    <subfield code="a">TECHNOLOGY UPGRATION AND SKILL DEVELOPMENT COMPANY (TUSDEC)</subfield>
    <subfield code="9">133220</subfield>
  </datafield>
  <datafield tag="590" ind1=" " ind2=" ">
    <subfield code="6">http://10.250.8.41:8080/xmlui/handle/123456789/56778</subfield>
  </datafield>
  <datafield tag="856" ind1=" " ind2=" ">
    <subfield code="u">http://10.250.8.41:8080/xmlui/handle/123456789/56778</subfield>
  </datafield>
  <datafield tag="942" ind1=" " ind2=" ">
    <subfield code="2">ddc</subfield>
    <subfield code="c">CS</subfield>
  </datafield>
  <datafield tag="999" ind1=" " ind2=" ">
    <subfield code="c">351191</subfield>
    <subfield code="d">351191</subfield>
  </datafield>
  <datafield tag="952" ind1=" " ind2=" ">
    <subfield code="0">0</subfield>
    <subfield code="1">0</subfield>
    <subfield code="2">ddc</subfield>
    <subfield code="4">0</subfield>
    <subfield code="7">0</subfield>
    <subfield code="8">REF</subfield>
    <subfield code="a">CL</subfield>
    <subfield code="b">CL</subfield>
    <subfield code="c">REF</subfield>
    <subfield code="d">2016-02-22</subfield>
    <subfield code="l">1</subfield>
    <subfield code="o">174.4 LUM 2009</subfield>
    <subfield code="p">NBS9983</subfield>
    <subfield code="r">2016-03-24</subfield>
    <subfield code="s">2016-02-25</subfield>
    <subfield code="w">2016-02-22</subfield>
    <subfield code="y">CS</subfield>
  </datafield>
</record>
